Французский язык (Запись № 13665186)

Подробности
000 -МАРКЕР
контрольное поле 02061nam0a2200385 4500
001 - ИДЕНТИФИКАТОР ЗАПИСИ
контрольное поле RU\NLR\BIBL_A\022324474
005 - ИДЕНТИФИКАТОР ВЕРСИИ
контрольное поле 20260420014634.0
010 ## - МЕЖДУНАРОДНЫЙ СТАНДАРТНЫЙ НОМЕР КНИГИ (ISBN)
Номер (ISBN) 978-5-09-114040-8
Тираж 250
021 ## - НОМЕР ГОСУДАРСТВЕННОЙ РЕГИСТРАЦИИ
Код страны Российская Федерация
Номер КН-П-24-044507
Номер Листа государственной регистраци КН-П-24-4426
035 ## - ДРУГИЕ СИСТЕМНЫЕ НОМЕРА
Идентификатор записи (NLR Aleph) 022324474
100 ## - ДАННЫЕ ОБЩЕЙ ОБРАБОТКИ
Данные общей обработки 20240917d2024 u y0rusy50 ca
101 0# - ЯЗЫК РЕСУРСА
Язык текста, звукозаписи и т.д. русский
-- французский
102 ## - СТРАНА ПУБЛИКАЦИИ ИЛИ ПРОИЗВОДСТВА
Страна публикации Российская Федерация
105 ## - ПОЛЕ КОДИРОВАННЫХ ДАННЫХ: ТЕКСТОВЫЕ МАТЕРИАЛЫ, МОНОГРАФИЧЕСКИЕ
Кодированные данные о монографическом текстовом документе acb j 000zy
181 #0 - ПОЛЕ КОДИРОВАННЫХ ДАННЫХ: ВИД СОДЕРЖАНИЯ
Код вида содержания (ISBD) i3
Код характеристики содержания (ISBD) axxe
182 #0 - ПОЛЕ КОДИРОВАННЫХ ДАННЫХ: ТИП СРЕДСТВА
Код типа средства (ISBD) n - непосредственное
200 1# - ЗАГЛАВИЕ И СВЕДЕНИЯ ОБ ОТВЕТСТВЕННОСТИ
Основное заглавие Французский язык
Сведения, относящиеся к заглавию базовый уровень
-- учебник для образовательных организаций, реализующих образовательные программы среднего профессионального образования
Первые сведения об ответственности А. С. Кулигина, А. В. Щепилова
203 ## - ВИД СОДЕРЖАНИЯ И ТИП СРЕДСТВА
Вид содержания Текст
Дополнительные сведения об издании визуальный
Тип средства непосредственный
210 ## - ПУБЛИКАЦИЯ, РАСПРОСТРАНЕНИЕ И ДР.
Место издания, распространения и т.д. Москва
Имя издателя, распространителя и т. д. Просвещение
Дата издания, распространения и т.д. 2024
215 ## - ФИЗИЧЕСКАЯ ХАРАКТЕРИСТИКА
Специфическое обозначение материала и объем 236, [2] с.
Другие сведения о физической характеристике цв. ил., портр., карты
Размеры 26
225 1# - СЕРИЯ
Основное заглавие серии Учебник СПО
225 1# - СЕРИЯ
Основное заглавие серии ФГОС
300 ## - ОБЩИЕ ПРИМЕЧАНИЯ
Текст примечания На обл.: Le Français: méthode de Français: базовый уровень /A. Kouliguina, A. Schepilova
512 1# - ЗАГЛАВИЕ ОБЛОЖКИ
Связь между полями z11790
Заглавие обложки Le Français
Сведения, относящиеся к заглавию méthode de Français
-- базовый уровень
606 1# - НАИМЕНОВАНИЕ ТЕМЫ КАК ПРЕДМЕТ
Наименование темы Французский язык
Формальный подзаголовок Учебники для среднего профессионального образования
Системный номер авторитетной/нормативной записи 1524672
Идентификатор авторитетной/нормативной записи RU\NLR\AUTH\66964829
686 3# - ИНДЕКСЫ ДРУГИХ КЛАССИФИКАЦИЙ
Индекс Ш147.11-93рус227
700 #1 - ИМЯ ЛИЦА - ПЕРВИЧНАЯ ОТВЕТСТВЕННОСТЬ
Графика поля Кириллица
Материалы, к которым относится поле rus
Начальный элемент ввода Кулигина
Часть имени, кроме начального элемента ввода А. С.
Расширение инициалов личного имени Антонина Степановна
Системный номер авторитетной/нормативной записи 114585
Идентификатор авторитетной/нормативной записи RU\NLR\AUTH\774608
701 #1 - ИМЯ ЛИЦА - АЛЬТЕРНАТИВНАЯ ОТВЕТСТВЕННОСТЬ
Графика поля Кириллица
Материалы, к которым относится поле rus
Начальный элемент ввода Щепилова
Часть имени, кроме начального элемента ввода А. В.
Расширение инициалов личного имени Алла Викторовна
Системный номер авторитетной/нормативной записи 51532
Идентификатор авторитетной/нормативной записи RU\NLR\AUTH\7768604
790 #1 - ИМЯ ЛИЦА - АЛЬТЕРНАТИВНАЯ ФОРМА
Графика поля Латинская
Материалы, к которым относится поле rus
Начальный элемент ввода Kuligina
Часть имени, кроме начального элемента ввода A. S.
Расширение инициалов личного имени Antonina Stepanovna
Системный номер авторитетной/нормативной записи 114586
Идентификатор авторитетной/нормативной записи RU\NLR\AUTH\774609
790 #1 - ИМЯ ЛИЦА - АЛЬТЕРНАТИВНАЯ ФОРМА
Графика поля Латинская
Материалы, к которым относится поле rus
Начальный элемент ввода Ščepilova
Часть имени, кроме начального элемента ввода A. V.
Расширение инициалов личного имени Alla Viktorovna
Системный номер авторитетной/нормативной записи 51533
Идентификатор авторитетной/нормативной записи RU\NLR\AUTH\7768605
942 ## - ДОПОЛНИТЕЛЬНЫЕ ЭЛЕМЕНТЫ ЗАПИСИ (АБИС)
Тип экземпляра АБИС Книга
980 ## - КОЛЛЕКЦИЯ
Название коллекции Национальная библиография

Нет доступных экземпляров.